| 000 | 00486cam a2200193ua 4500 | ||
|---|---|---|---|
| 001 | 10253 | ||
| 008 | 171109n ii |||gr||||Z||||||eng | ||
| 020 | _a8170229677 | ||
| 040 | _cMAIN | ||
| 041 | _aeng | ||
| 082 | _a954.162 | ||
| 100 |
_aGogoi Nath, Jahnabi, _eAuthor. |
||
| 245 |
_aAgrarian system of medieval Assam _cBy Jahnabi Gogoi Nath |
||
| 250 | _a1st ed. | ||
| 260 |
_aNew Delhi: _bConcept publishing, _c2002. |
||
| 300 | _a200p. | ||
| 653 | _aSouth Asia India | ||
| 942 | _cBK | ||
| 999 |
_c9249 _d9249 |
||